000 00283nam a22001337a 4500
008 180202b xxu||||| |||| 00| 0 eng d
020 _a0155767216
041 _aeng
080 _a371
100 _a46
101 _aEDU
245 _aRewriting Whiting
_cMccuen, J
942 _2udc
_cBK
999 _c41692
_d41692